000 00477nam a2200157 i 4500
001 112112
003 ES-MaACL
005 20230906185438.0
007 t|
008 061121q19001950sp r ||||1| spa d
100 1 _aNavarro de Palencia, Francisco.
_985116
245 1 0 _aSanson ( dramas inverosímiles)
_b: novela /
_cFrancisco Navarro de Palencia.
260 _aFigueras (Gerona) :
_b[s.n.,
_c19-?] (
_fF. Alegri)
300 _a230 p. ;
_c23 cm.
852 _aES-MaACL
_jF-2794
999 _c112112
_d112112